[Event "Samara Polugaevsky Memorial 3rd"]
[Site "Samara"]
[Date "2013.07.10"]
[Round "9"]
[White "Kryakvin, Dmitry"]
[Black "Kharlov, Andrei"]
[Result "0-1"]
[WhiteElo "2584"]
[BlackElo "2504"]
[PlyCount "97"]
[EventDate "2013.07.02"]
[EventType "swiss"]
[EventRounds "9"]
[EventCountry "RUS"]
[SourceTitle "CBM 155 Extra"]
[Source "ChessBase"]
[SourceDate "2013.08.26"]
[SourceVersion "1"]
[SourceVersionDate "2013.08.26"]
[SourceQuality "1"]

1. d4 Nf6 2. c4 e6 3. Nc3 Bb4 4. e3 c5 5. Nge2 cxd4 6. exd4 d5 7. c5 O-O 8. a3
Bxc3+ 9. Nxc3 Ne4 10. Qd3 f5 11. Bf4 Nc6 12. f3 Qf6 13. Ne2 Ng5 14. O-O-O Nf7
15. Nc3 b6 16. Na4 b5 17. Nc3 b4 18. axb4 Nxb4 19. Qe3 g5 20. Be5 Nxe5 21. dxe5
Qg7 22. Bb5 Rb8 23. h4 Ba6 24. Rd4 f4 25. Qd2 Bxb5 26. Rxb4 Bd7 27. Rxb8 Rxb8
28. Qd4 Be8 29. hxg5 Qb7 30. Nd1 Bg6 31. Rh4 Qb3 32. Qc3 Qa4 33. Rh6 Rb4 34.
Rxg6+ hxg6 35. Qd3 Kg7 36. Nc3 Qa1+ 37. Qb1 Qa5 38. Qd3 Qxc5 39. Qa6 Qg1+ 40.
Kc2 Qxg2+ 41. Ne2 Rc4+ 42. Kd2 Rc7 43. Qxe6 Qxg5 44. Nc3 d4 45. Qf6+ Qxf6 46.
exf6+ Kf7 47. Ne4 Rc6 48. Kd3 Rb6 49. Kxd4 0-1

[Event "Izhevsk Corporation Cup 5th"]
[Site "Izhevsk"]
[Date "2013.07.12"]
[Round "1"]
[White "Severina, Maria"]
[Black "Kharlov, Andrei"]
[Result "1-0"]
[WhiteElo "2193"]
[BlackElo "2504"]
[PlyCount "81"]
[EventDate "2013.07.11"]
[EventType "swiss"]
[EventRounds "9"]
[EventCountry "RUS"]
[SourceTitle "EXT 2014"]
[Source "ChessBase"]
[SourceDate "2013.11.20"]
[SourceVersion "1"]
[SourceVersionDate "2013.11.20"]
[SourceQuality "1"]

1. d4 Nf6 2. c4 b6 3. Nf3 Bb7 4. g3 Bxf3 5. exf3 c6 6. Bg2 g6 7. O-O Bg7 8. f4
d5 9. Nd2 O-O 10. Nf3 e6 11. Ne5 dxc4 12. Nxc4 Na6 13. Qa4 Nb8 14. Ne5 b5 15.
Qc2 Nfd7 16. Nxc6 Nxc6 17. Qxc6 Rc8 18. Qxb5 Nf6 19. Be3 Rb8 20. Qe2 Nd5 21.
Rac1 Qa5 22. b3 Rfd8 23. Rc5 Qa3 24. Bxd5 exd5 25. Rfc1 Bf8 26. Rc7 Re8 27. f5
Bd6 28. R7c6 Rbd8 29. fxg6 hxg6 30. Qa6 Qb4 31. Qd3 Qb7 32. Bg5 Rd7 33. Qa6
Qxa6 34. Rxa6 Re2 35. Rc8+ Kg7 36. Ra8 Be7 37. Be3 Rc7 38. R6xa7 Rxa7 39. Rxa7
Bb4 40. Kg2 Bc3 41. a4 1-0

[Event "Izhevsk Corporation Cup 5th"]
[Site "Izhevsk"]
[Date "2013.07.14"]
[Round "3"]
[White "Kostin, Konstantin"]
[Black "Kharlov, Andrei"]
[Result "1/2-1/2"]
[WhiteElo "2295"]
[BlackElo "2504"]
[PlyCount "89"]
[EventDate "2013.07.11"]
[EventType "swiss"]
[EventRounds "9"]
[EventCountry "RUS"]
[SourceTitle "EXT 2014"]
[Source "ChessBase"]
[SourceDate "2013.11.20"]
[SourceVersion "1"]
[SourceVersionDate "2013.11.20"]
[SourceQuality "1"]

1. Nf3 c5 2. c4 Nc6 3. Nc3 g6 4. g3 Bg7 5. Bg2 e5 6. O-O d6 7. a3 Nge7 8. b4
cxb4 9. axb4 Nxb4 10. Ba3 Nbc6 11. Ne4 O-O 12. Nxd6 Qa5 13. Nxc8 Rfxc8 14. Bxe7
Qc7 15. Ba3 e4 16. Ng5 Bxa1 17. Qxa1 Qe5 18. Nxe4 Qxa1 19. Rxa1 Nd4 20. Nf6+
Kg7 21. Bxb7 Nc2 22. Bxa8 Nxa1 23. Bd5 Nc2 24. Bb2 a5 25. Nd7+ Kg8 26. Bc3 Nb4
27. Bb7 Rxc4 28. Nf6+ Kf8 29. Nxh7+ Ke7 30. Nf6 a4 31. Nd5+ Nxd5 32. Bxd5 Rc7
33. Ba2 Kd6 34. Kf1 g5 35. f3 f5 36. Kf2 Rh7 37. Kg2 Kc5 38. e3 a3 39. Bd4+ Kb5
40. h3 Rc7 41. Bc3 Kc5 42. Bd4+ Kb4 43. Bc3+ Kc5 44. Bd4+ Kb4 45. Bc3+ 1/2-1/2

[Event "Izhevsk Corporation Cup 5th"]
[Site "Izhevsk"]
[Date "2013.07.15"]
[Round "4"]
[White "Kharlov, Andrei"]
[Black "Chizhikov, Vladislav"]
[Result "1-0"]
[WhiteElo "2504"]
[BlackElo "2246"]
[PlyCount "91"]
[EventDate "2013.07.11"]
[EventType "swiss"]
[EventRounds "9"]
[EventCountry "RUS"]
[SourceTitle "EXT 2014"]
[Source "ChessBase"]
[SourceDate "2013.11.20"]
[SourceVersion "1"]
[SourceVersionDate "2013.11.20"]
[SourceQuality "1"]

1. d4 d5 2. Bf4 c6 3. e3 Bf5 4. c4 Bxb1 5. Rxb1 e6 6. a3 Nd7 7. Nf3 Ngf6 8. h3
a5 9. Bd3 Be7 10. O-O O-O 11. Re1 a4 12. Qc2 Qa5 13. Rbc1 Rfe8 14. Ne5 Nf8 15.
Qe2 Rad8 16. cxd5 exd5 17. Bg5 Qb6 18. Qc2 Qa5 19. Nf3 Ne4 20. Bxe4 dxe4 21.
Bxe7 Rxe7 22. Nd2 Rde8 23. Nc4 Qd5 24. Nb6 Qg5 25. Qxa4 Ng6 26. Rc5 f5 27. Kh1
Nh4 28. Qc4+ Re6 29. Rg1 Kh8 30. Nd7 Qh5 31. Re5 Rxe5 32. Nxe5 Rf8 33. Qb4 Kg8
34. Qb3+ Kh8 35. Qxb7 f4 36. Qe7 Rb8 37. exf4 Nf5 38. Qc7 Rf8 39. Qxc6 e3 40.
fxe3 Qe2 41. Qc5 Rb8 42. Nf7+ Kg8 43. Qxf5 Rf8 44. Nh6+ gxh6 45. Qg4+ Qxg4 46.
hxg4 1-0

[Event "Volga Region-ch 12th"]
[Site "Togliatti"]
[Date "2014.03.14"]
[Round "1"]
[White "Askerov, Marat"]
[Black "Kharlov, Andrei"]
[Result "0-1"]
[WhiteElo "2107"]
[BlackElo "2496"]
[PlyCount "52"]
[EventDate "2014.03.14"]
[EventType "swiss"]
[EventRounds "9"]
[EventCountry "RUS"]
[SourceTitle "CBM 159 Extra"]
[Source "ChessBase"]
[SourceDate "2014.04.24"]
[SourceVersion "1"]
[SourceVersionDate "2014.04.24"]
[SourceQuality "1"]

1. d4 e6 2. c4 d5 3. Nf3 c6 4. Qc2 dxc4 5. Qxc4 Nf6 6. g3 b5 7. Qc2 Bb7 8. Bg2
Nbd7 9. O-O c5 10. dxc5 Bxc5 11. Bg5 Rc8 12. Qd3 Qb6 13. a4 Ne4 14. a5 Bxf2+
15. Kh1 Qc6 16. Bf4 Ndc5 17. Qc2 O-O 18. b4 Na4 19. Qxc6 Bxc6 20. Ne5 Ba8 21.
Na3 a6 22. Rac1 Bd4 23. Bf3 Rxc1 24. Rxc1 Bb2 25. Rc7 Bxa3 26. Ra7 Bd5 0-1

[Event "Volga Region-ch 12th"]
[Site "Togliatti"]
[Date "2014.03.15"]
[Round "2"]
[White "Kharlov, Andrei"]
[Black "Mikheev, Stanislav"]
[Result "1-0"]
[WhiteElo "2496"]
[BlackElo "2284"]
[PlyCount "87"]
[EventDate "2014.03.14"]
[EventType "swiss"]
[EventRounds "9"]
[EventCountry "RUS"]
[SourceTitle "CBM 159 Extra"]
[Source "ChessBase"]
[SourceDate "2014.04.24"]
[SourceVersion "1"]
[SourceVersionDate "2014.04.24"]
[SourceQuality "1"]

1. e4 e6 2. d4 d5 3. Nd2 Nf6 4. e5 Nfd7 5. Bd3 c5 6. c3 Nc6 7. Ngf3 cxd4 8.
cxd4 f6 9. exf6 Nxf6 10. O-O Bd6 11. b3 O-O 12. Bb2 Bd7 13. Re1 Qb6 14. Nf1 a5
15. a3 Rae8 16. Re2 Kh8 17. Ng3 Bf4 18. Bc2 g6 19. Bc1 Qc7 20. Bxf4 Qxf4 21.
Qd2 Qxd2 22. Rxd2 e5 23. dxe5 Nxe5 24. Nd4 b5 25. f3 a4 26. Nge2 Rc8 27. bxa4
bxa4 28. Bd3 Rb8 29. Rc1 Rfc8 30. Rxc8+ Rxc8 31. h4 h6 32. Bb5 Bxb5 33. Nxb5
Rc4 34. Ned4 Rc1+ 35. Kh2 Nc4 36. Re2 Ra1 37. Re6 Kg7 38. Re7+ Kg8 39. Ne6 Re1
40. Rg7+ Kh8 41. Nbd4 Ng8 42. Ra7 Re3 43. Nf8 Ne5 44. Rh7# 1-0

[Event "Volga Region-ch 12th"]
[Site "Togliatti"]
[Date "2014.03.16"]
[Round "3"]
[White "Sanzhaev, Darsen"]
[Black "Kharlov, Andrei"]
[Result "0-1"]
[WhiteElo "2381"]
[BlackElo "2496"]
[PlyCount "88"]
[EventDate "2014.03.14"]
[EventType "swiss"]
[EventRounds "9"]
[EventCountry "RUS"]
[SourceTitle "CBM 159 Extra"]
[Source "ChessBase"]
[SourceDate "2014.04.24"]
[SourceVersion "1"]
[SourceVersionDate "2014.04.24"]
[SourceQuality "1"]

1. d4 Nf6 2. c4 e6 3. Nf3 c5 4. d5 exd5 5. cxd5 Bd6 6. Nc3 Bc7 7. e4 d6 8. Be2
O-O 9. O-O Re8 10. Nd2 Nbd7 11. a4 a6 12. Re1 Rb8 13. f4 Nf8 14. f5 Ba5 15. Bd3
b5 16. axb5 axb5 17. h3 c4 18. Bb1 b4 19. Nxc4 bxc3 20. Rxa5 cxb2 21. Bd2 Qc7
22. Na3 N8d7 23. Qf3 Ne5 24. Qf2 Bd7 25. Ra7 Qc8 26. Re3 Qc1+ 27. Re1 Qc8 28.
Re3 Qc1+ 29. Re1 Rec8 30. Qe3 Qc5 31. Qxc5 Rxc5 32. Kf2 Kf8 33. Be3 Rcc8 34.
Bd4 Rc1 35. Re2 Rb4 36. Bxb2 Rxb1 37. Nxb1 Nd3+ 38. Kf3 Nxb2 39. Nd2 Nd3 40.
Ra3 Ne5+ 41. Kg3 Rb2 42. Rae3 Bb5 43. Rf2 Nd3 44. Rfe2 Nc5 0-1

[Event "Volga Region-ch 12th"]
[Site "Togliatti"]
[Date "2014.03.17"]
[Round "4"]
[White "Kharlov, Andrei"]
[Black "Ulanov, Alexandr"]
[Result "0-1"]
[WhiteElo "2496"]
[BlackElo "2422"]
[PlyCount "90"]
[EventDate "2014.03.14"]
[EventType "swiss"]
[EventRounds "9"]
[EventCountry "RUS"]
[SourceTitle "CBM 159 Extra"]
[Source "ChessBase"]
[SourceDate "2014.04.24"]
[SourceVersion "1"]
[SourceVersionDate "2014.04.24"]
[SourceQuality "1"]

1. e4 d6 2. d4 Nf6 3. Nc3 e5 4. Nf3 Nbd7 5. Bc4 Be7 6. O-O O-O 7. Re1 c6 8. a4
b6 9. Ba2 a6 10. h3 Bb7 11. d5 b5 12. dxc6 Bxc6 13. axb5 axb5 14. Bg5 b4 15.
Bxf6 Nxf6 16. Nd5 Bxd5 17. exd5 Qc7 18. Qd2 Qc5 19. Bb3 Rxa1 20. Rxa1 Bd8 21.
Ne1 e4 22. c3 bxc3 23. Qxc3 Bb6 24. Qxc5 Bxc5 25. Nc2 Rb8 26. Bc4 g6 27. b4 Bb6
28. Bf1 Rc8 29. Na3 Nxd5 30. Nc4 Bc7 31. Ra7 Nxb4 32. Rb7 Nd5 33. g3 Rb8 34.
Ra7 Rb4 35. Ra8+ Kg7 36. Rc8 Rb8 37. Rxb8 Bxb8 38. Ne3 Nb6 39. Nc4 Nd7 40. Ne3
f5 41. Nd5 Ne5 42. h4 Ba7 43. Be2 Ng4 44. Bxg4 fxg4 45. Kf1 Bd4 0-1

[Event "Volga Region-ch 12th"]
[Site "Togliatti"]
[Date "2014.03.18"]
[Round "5"]
[White "Faizrakhmanov, Ramil"]
[Black "Kharlov, Andrei"]
[Result "1/2-1/2"]
[WhiteElo "2325"]
[BlackElo "2496"]
[PlyCount "154"]
[EventDate "2014.03.14"]
[EventType "swiss"]
[EventRounds "9"]
[EventCountry "RUS"]
[SourceTitle "CBM 159 Extra"]
[Source "ChessBase"]
[SourceDate "2014.04.24"]
[SourceVersion "1"]
[SourceVersionDate "2014.04.24"]
[SourceQuality "1"]

1. d4 d5 2. c4 dxc4 3. Nf3 e6 4. e3 a6 5. Bxc4 b5 6. Bb3 Nf6 7. O-O Bb7 8. a4
Nbd7 9. Nbd2 c5 10. Qe2 Qb6 11. axb5 axb5 12. Rxa8+ Bxa8 13. Bc2 Be7 14. dxc5
Nxc5 15. e4 Qb8 16. e5 Nfd7 17. Re1 b4 18. Nd4 O-O 19. f4 Re8 20. f5 exf5 21.
Bxf5 Bf6 22. Nc4 Nxe5 23. Kf1 Bd5 24. Ne3 Ng6 25. Qb5 Bxd4 26. Qxb8 Bxg2+ 27.
Nxg2 Rxb8 28. Rd1 Bf6 29. Ne3 Ne7 30. Bh3 Na4 31. b3 Nc3 32. Rd7 h5 33. Nc2 Nc6
34. Bf4 Be5 35. Bxe5 Nxe5 36. Rc7 Ne4 37. Ke2 Rd8 38. Nxb4 Ng5 39. Bf5 g6 40.
Bc2 Ne6 41. Rc3 Nd4+ 42. Kf2 Ng4+ 43. Kg2 Re8 44. Bd3 Rb8 45. Nc6 Nxc6 46. Rxc6
Rxb3 47. Rxg6+ Kf8 48. Rd6 Rb2+ 49. Kg3 Rd2 50. Rd8+ Ke7 51. Rd5 Nf6 52. Rd4
Kf8 53. h3 Kg7 54. Kf3 Kh6 55. Rd6 Kg7 56. Rd4 Rd1 57. Kf2 Ng8 58. Ke2 Rh1 59.
Rh4 Kh6 60. Rf4 Kg7 61. Rh4 Nf6 62. Kf2 Rh2+ 63. Kg3 Rb2 64. Rf4 Rb3 65. Rf3
Rc3 66. Bf5 h4+ 67. Kf4 Nd5+ 68. Kg4 Rc4+ 69. Kh5 Ne7 70. Bd3 Rd4 71. Bc2 Nd5
72. Bf5 Rb4 73. Bg4 Nf6+ 74. Kg5 Ne4+ 75. Kxh4 Rb8 76. Bf5 Rh8+ 77. Kg4 Nf6+
1/2-1/2

[Event "Volga Region-ch 12th"]
[Site "Togliatti"]
[Date "2014.03.19"]
[Round "6"]
[White "Kharlov, Andrei"]
[Black "Fotin, Vladimir"]
[Result "0-1"]
[WhiteElo "2496"]
[BlackElo "2304"]
[PlyCount "112"]
[EventDate "2014.03.14"]
[EventType "swiss"]
[EventRounds "9"]
[EventCountry "RUS"]
[SourceTitle "CBM 159 Extra"]
[Source "ChessBase"]
[SourceDate "2014.04.24"]
[SourceVersion "1"]
[SourceVersionDate "2014.04.24"]
[SourceQuality "1"]

1. d4 Nf6 2. c4 c5 3. d5 e5 4. Nc3 d6 5. e4 a6 6. g3 g6 7. Bg2 Bg7 8. Nge2 O-O
9. O-O Bd7 10. a3 b5 11. b3 Ra7 12. Bd2 Rb7 13. Rb1 Qe7 14. Qc2 Rc8 15. f4 Rcc7
16. Rbe1 Bc8 17. Nd1 bxc4 18. bxc4 Bg4 19. Nf2 Bxe2 20. Rxe2 Nbd7 21. f5 Ne8
22. h4 Rc8 23. Bg5 Bf6 24. Bc1 Bg7 25. Ng4 Rcb8 26. Bh3 Rb3 27. Kg2 h5 28. Nh6+
Bxh6 29. Bxh6 Ndf6 30. fxg6 fxg6 31. Bc1 Nh7 32. Be6+ Kh8 33. Rf7 Qd8 34. Qd2
R8b7 35. Ref2 Nef6 36. R7xf6 Nxf6 37. Qg5 Rxg3+ 38. Qxg3 Nxe4 39. Qe3 Nxf2 40.
Qxf2 Kh7 41. Qe3 Qf8 42. Bd2 Rb2 43. Kg3 Rb1 44. Bh3 Ra1 45. Bg2 Qf5 46. Bf3
Ra2 47. Kg2 Qc2 48. Qh6+ Kg8 49. Be2 Qe4+ 50. Kg1 Ra1+ 51. Kf2 Qxh4+ 52. Kg2
Qh1+ 53. Kf2 Qg1+ 54. Kf3 Rxa3+ 55. Be3 a5 56. Ke4 Qg2+ 0-1

[Event "Volga Region-ch 12th"]
[Site "Togliatti"]
[Date "2014.03.21"]
[Round "8"]
[White "Palachev, Petr"]
[Black "Kharlov, Andrei"]
[Result "0-1"]
[WhiteElo "2344"]
[BlackElo "2496"]
[PlyCount "134"]
[EventDate "2014.03.14"]
[EventType "swiss"]
[EventRounds "9"]
[EventCountry "RUS"]
[SourceTitle "CBM 159 Extra"]
[Source "ChessBase"]
[SourceDate "2014.04.24"]
[SourceVersion "1"]
[SourceVersionDate "2014.04.24"]
[SourceQuality "1"]

1. d4 Nf6 2. c4 e6 3. Nf3 d5 4. g3 dxc4 5. Bg2 Nc6 6. Qa4 Bb4+ 7. Bd2 Nd5 8.
Bxb4 Ndxb4 9. Nc3 Bd7 10. O-O a5 11. Qd1 O-O 12. Rc1 a4 13. a3 Nd5 14. Nxa4
Nxd4 15. Qxd4 Bxa4 16. Qxc4 c6 17. Rfe1 Qb6 18. e4 Ne7 19. Qc3 Rfd8 20. Re3 Bb5
21. Qb4 Ng6 22. Bf1 Ra4 23. Qb3 Ra5 24. Rd3 Rxd3 25. Bxd3 Qd8 26. Bxb5 Rxb5 27.
Qc3 Ra5 28. Kg2 Ra8 29. Qb4 Qc7 30. Rd1 Nf8 31. Rd2 h6 32. Qd4 Rc8 33. Ne5 Re8
34. Nc4 Rb8 35. Qa7 e5 36. Qb6 Qxb6 37. Nxb6 Ne6 38. f3 Nd4 39. Nc4 f6 40. Ne3
Kf7 41. Nf5 Nxf5 42. exf5 Ke7 43. Kh3 Ra8 44. g4 Ra4 45. Kg3 c5 46. Kf2 Rd4 47.
Rc2 c4 48. Ke3 Kd6 49. h4 Kd5 50. Rg2 Rd3+ 51. Ke2 Rb3 52. Kd1 Rxf3 53. g5 hxg5
54. hxg5 Rxf5 55. gxf6 gxf6 56. Rg7 b5 57. Kc2 Rf3 58. Rb7 Kc6 59. Re7 Kd6 60.
Rb7 Rb3 61. Rb6+ Ke7 62. a4 bxa4 63. Ra6 Rb7 64. Rxa4 Rc7 65. Kc3 Kd6 66. Ra8
f5 67. Rd8+ Ke6 0-1

[Event "RUS-chT 21st"]
[Site "Loo"]
[Date "2014.04.07"]
[Round "1.5"]
[White "Kharlov, Andrei"]
[Black "Ofitserian, Boris"]
[Result "0-1"]
[WhiteElo "2496"]
[BlackElo "2109"]
[PlyCount "80"]
[EventDate "2014.04.07"]
[EventType "team-swiss"]
[EventRounds "7"]
[EventCountry "RUS"]
[SourceTitle "CBM 160"]
[Source "ChessBase"]
[SourceDate "2014.05.15"]
[SourceVersion "1"]
[SourceVersionDate "2014.05.15"]
[SourceQuality "1"]
[WhiteTeam "Kazan"]
[BlackTeam "Moscow Region"]
[WhiteTeamCountry "RUS"]
[BlackTeamCountry "RUS"]

1. d4 d5 2. Bf4 c5 3. e4 dxe4 4. d5 g6 5. Nc3 Nf6 6. Qe2 Bg7 7. O-O-O O-O 8. d6
e5 9. Bg5 Nc6 10. Nxe4 Nd4 11. Qe1 Bf5 12. f3 Rc8 13. Bxf6 Bxf6 14. c3 Bxe4 15.
fxe4 Nc6 16. Nf3 Qa5 17. Bc4 b5 18. Bd5 c4 19. a3 Nb8 20. Qg3 Nd7 21. h4 b4 22.
cxb4 Qa4 23. Ng5 c3 24. Qd3 a5 25. b5 Rc5 26. Bc6 Nb6 27. Rdf1 Qb3 28. Rf2
cxb2+ 29. Kd2 Bxg5+ 30. hxg5 Qxd3+ 31. Kxd3 Rc1 32. Rxb2 Rxh1 33. Ke2 Nc4 34.
Rc2 Nxd6 35. Rc5 Rb1 36. Rxe5 Nc4 37. Rc5 Nxa3 38. Bd5 Nxb5 39. Bc4 Rb8 40. Ke3
a4 0-1

[Event "RUS-chT 21st"]
[Site "Loo"]
[Date "2014.04.09"]
[Round "3.2"]
[White "Kharlov, Andrei"]
[Black "Aleksandrov, Aleksej"]
[Result "0-1"]
[WhiteElo "2496"]
[BlackElo "2539"]
[PlyCount "98"]
[EventDate "2014.04.07"]
[EventType "team-swiss"]
[EventRounds "7"]
[EventCountry "RUS"]
[SourceTitle "CBM 160"]
[Source "ChessBase"]
[SourceDate "2014.05.15"]
[SourceVersion "1"]
[SourceVersionDate "2014.05.15"]
[SourceQuality "1"]
[WhiteTeam "Kazan"]
[BlackTeam "Belorechensk"]
[WhiteTeamCountry "RUS"]
[BlackTeamCountry "RUS"]

1. d4 Nf6 2. c4 e6 3. g3 d5 4. Nf3 dxc4 5. Bg2 a6 6. O-O Nc6 7. Bg5 Be7 8. e3
Nd5 9. Bxe7 Ncxe7 10. Qc1 b5 11. b3 cxb3 12. axb3 O-O 13. Nbd2 Bb7 14. Qc5 Nb6
15. Rfc1 Bc6 16. Bf1 Nd7 17. Qc2 h6 18. Bg2 Re8 19. b4 Ra7 20. Nb3 Qa8 21. Qe2
Bd5 22. Nc5 Nxc5 23. Rxc5 Nf5 24. Rac1 Nd6 25. Ne1 Bxg2 26. Nxg2 Nc4 27. Nf4
Qe4 28. Qd3 Qf3 29. Qe2 Qe4 30. Qd3 Qf3 31. Qe2 Qxe2 32. Nxe2 f6 33. Nf4 g5 34.
Nd3 Rd8 35. Ra1 Rd5 36. Rc6 Rd6 37. Rc5 c6 38. Ra2 e5 39. Nb2 Nb6 40. dxe5 fxe5
41. Ra1 Nd5 42. e4 Nxb4 43. Nd1 Nd3 44. Rc2 c5 45. Nc3 Rf7 46. Nd5 c4 47. Rd2
Rfd7 48. Rad1 Kf7 49. f3 Nb4 0-1

[Event "Nezhmetdinov Memorial 36th"]
[Site "Kazan"]
[Date "2014.05.31"]
[Round "1"]
[White "Fraiman, Dmitry"]
[Black "Kharlov, Andrei"]
[Result "1/2-1/2"]
[WhiteElo "2094"]
[BlackElo "2477"]
[PlyCount "120"]
[EventDate "2014.05.31"]
[EventType "swiss"]
[EventRounds "9"]
[EventCountry "RUS"]
[SourceTitle "CBM 160 Extra"]
[Source "ChessBase"]
[SourceDate "2014.07.01"]
[SourceVersion "1"]
[SourceVersionDate "2014.07.01"]
[SourceQuality "1"]

1. e4 d5 2. exd5 Nf6 3. d4 Nxd5 4. c4 Nb6 5. Nf3 g6 6. c5 Nd5 7. Nc3 Bg7 8. Bc4
Nxc3 9. bxc3 O-O 10. O-O Bg4 11. Re1 e6 12. h3 Bxf3 13. Qxf3 c6 14. Bf4 Nd7 15.
Bd6 Re8 16. Rab1 Qc8 17. Re2 b5 18. Bb3 a6 19. Rbe1 Nf6 20. Be5 Nh5 21. Bd6 Qd7
22. g4 Nf6 23. Be5 Nd5 24. Bxg7 Kxg7 25. Bxd5 exd5 26. g5 Rxe2 27. Rxe2 Re8 28.
Qf6+ Kg8 29. Rxe8+ Qxe8 30. Kh2 Qd7 31. Qe5 Qd8 32. h4 h5 33. Kg3 a5 34. a3 Kh7
35. Kg2 Qc8 36. f3 Qb7 37. Qe8 Qc7 38. Qe3 Kg7 39. Kh3 Kf8 40. Qe2 Qe7 41. Qd2
Qe6+ 42. Kg3 Qf5 43. Qf4 Qe6 44. Qf6 Qe1+ 45. Kh3 Qe8 46. Kg3 Kg8 47. Kf2 Qc8
48. Kg2 Qd7 49. Kg3 Qc7+ 50. Kg2 Kf8 51. Qh8+ Ke7 52. Qf6+ Ke8 53. Kh3 Qb7 54.
Kg2 Qc8 55. Kg3 Qb8+ 56. Kg2 Qc7 57. Kh3 Kf8 58. Qh8+ Ke7 59. Qf6+ Ke8 60. Kg2
Qc8 1/2-1/2

[Event "Nezhmetdinov Memorial 36th"]
[Site "Kazan"]
[Date "2014.06.01"]
[Round "2"]
[White "Kharlov, Andrei"]
[Black "Rjanova, Valery"]
[Result "1-0"]
[WhiteElo "2477"]
[BlackElo "2131"]
[PlyCount "71"]
[EventDate "2014.05.31"]
[EventType "swiss"]
[EventRounds "9"]
[EventCountry "RUS"]
[SourceTitle "CBM 160 Extra"]
[Source "ChessBase"]
[SourceDate "2014.07.01"]
[SourceVersion "1"]
[SourceVersionDate "2014.07.01"]
[SourceQuality "1"]

1. g3 d5 2. Nf3 c5 3. Bg2 Nc6 4. d4 e6 5. O-O Nf6 6. c4 dxc4 7. dxc5 Qxd1 8.
Rxd1 Bxc5 9. Nbd2 Ke7 10. Nxc4 Ne4 11. Be3 Bxe3 12. Nxe3 Nd6 13. Nd4 Bd7 14.
Nxc6+ Bxc6 15. Bxc6 bxc6 16. Rac1 Rhc8 17. Nc4 Nxc4 18. Rxc4 Rab8 19. b3 Rb6
20. Rdc1 Kd6 21. Rd4+ Ke7 22. Ra4 Rc7 23. Kf1 Rd7 24. Ke1 e5 25. Rc5 Ke6 26.
Rca5 Rbb7 27. Ra6 Rbc7 28. R4a5 f6 29. e3 Ke7 30. Ke2 g6 31. g4 c5 32. Ra4 Rb7
33. Rc6 Rb6 34. Rxc5 Rbd6 35. Rca5 Ke6 36. Rxa7 1-0

[Event "Nezhmetdinov Memorial 36th"]
[Site "Kazan"]
[Date "2014.06.02"]
[Round "3"]
[White "Yeletsky, Ivan"]
[Black "Kharlov, Andrei"]
[Result "1/2-1/2"]
[WhiteElo "2200"]
[BlackElo "2477"]
[PlyCount "120"]
[EventDate "2014.05.31"]
[EventType "swiss"]
[EventRounds "9"]
[EventCountry "RUS"]
[SourceTitle "CBM 160 Extra"]
[Source "ChessBase"]
[SourceDate "2014.07.01"]
[SourceVersion "1"]
[SourceVersionDate "2014.07.01"]
[SourceQuality "1"]

1. e4 c5 2. Nf3 Nc6 3. Bb5 d6 4. O-O Bd7 5. c3 a6 6. Ba4 Nf6 7. Re1 b5 8. Bc2
Bg4 9. d3 e6 10. Nbd2 Be7 11. h3 Bh5 12. Qe2 Nd7 13. Nf1 O-O 14. Ng3 Bg6 15. d4
cxd4 16. cxd4 d5 17. e5 Nb6 18. Bxg6 fxg6 19. Be3 Nc4 20. Rec1 Rc8 21. Ne1 Qb6
22. Rd1 Bh4 23. Nf3 Bxg3 24. fxg3 Nxe3 25. Qxe3 Nb4 26. Qb3 Nc2 27. Rab1 Rc4
28. Kh1 Rb8 29. Qd3 Nb4 30. Qd2 a5 31. a3 Na6 32. b3 Rc6 33. Rbc1 Rbc8 34. Rxc6
Rxc6 35. Kh2 b4 36. axb4 Nxb4 37. Rc1 h6 38. g4 g5 39. Kg3 Qc7 40. Rxc6 Qxc6
41. Kh2 Kf7 42. h4 gxh4 43. Qf4+ Kg8 44. g5 hxg5 45. Nxg5 Qe8 46. Qxh4 Qg6 47.
Qg4 Nc2 48. Qxe6+ Qxe6 49. Nxe6 Kf7 50. Nd8+ Ke7 51. Nc6+ Kd7 52. Nxa5 Nxd4 53.
Kg3 Kc7 54. Kf4 Kb6 55. b4 Kb5 56. Nb7 Kxb4 57. Nd8 Kc5 58. Kg5 Kb6 59. Kf4 Kc7
60. Nf7 Kd7 1/2-1/2

[Event "Nezhmetdinov Memorial 36th"]
[Site "Kazan"]
[Date "2014.06.03"]
[Round "4"]
[White "Kharlov, Andrei"]
[Black "Samusenko, Maksim"]
[Result "1/2-1/2"]
[WhiteElo "2477"]
[BlackElo "2306"]
[PlyCount "81"]
[EventDate "2014.05.31"]
[EventType "swiss"]
[EventRounds "9"]
[EventCountry "RUS"]
[SourceTitle "CBM 160 Extra"]
[Source "ChessBase"]
[SourceDate "2014.07.01"]
[SourceVersion "1"]
[SourceVersionDate "2014.07.01"]
[SourceQuality "1"]

1. e4 d5 2. exd5 Qxd5 3. Nc3 Qd6 4. d4 Nf6 5. Nf3 c6 6. Be2 Bg4 7. Bg5 Nbd7 8.
Qd2 e6 9. O-O-O Qc7 10. Ne5 Bxe2 11. Qxe2 Bd6 12. Nxd7 Qxd7 13. Bxf6 gxf6 14.
d5 O-O-O 15. dxc6 Qxc6 16. g3 a6 17. Qh5 Rd7 18. Rhe1 f5 19. Rd3 Rhd8 20. Qxh7
Bc5 21. Rxd7 Rxd7 22. Nd1 Bb4 23. c3 Qd5 24. Qh8+ Rd8 25. Qh6 Bf8 26. Qf4 Qxa2
27. Kc2 Qd5 28. Qe3 Bc5 29. Qe2 a5 30. Ne3 Qe4+ 31. Kc1 Rd3 32. Nc2 Qd5 33. Nd4
Qc4 34. Nf3 a4 35. Ne5 Rxc3+ 36. bxc3 Qxc3+ 37. Kb1 Qb4+ 38. Kc1 Qc3+ 39. Kb1
Qb4+ 40. Kc1 Qc3+ 41. Kb1 1/2-1/2

[Event "Nezhmetdinov Memorial 36th"]
[Site "Kazan"]
[Date "2014.06.04"]
[Round "5"]
[White "Amirkhanov, Roustem"]
[Black "Kharlov, Andrei"]
[Result "0-1"]
[WhiteElo "2311"]
[BlackElo "2477"]
[PlyCount "110"]
[EventDate "2014.05.31"]
[EventType "swiss"]
[EventRounds "9"]
[EventCountry "RUS"]
[SourceTitle "CBM 160 Extra"]
[Source "ChessBase"]
[SourceDate "2014.07.01"]
[SourceVersion "1"]
[SourceVersionDate "2014.07.01"]
[SourceQuality "1"]

1. e4 c5 2. Nc3 Nc6 3. g3 g6 4. Bg2 Bg7 5. d3 d6 6. Be3 Nd4 7. Qd2 Qa5 8. f4
Nf6 9. h3 O-O 10. Nf3 Nd7 11. O-O e6 12. Qf2 Nxf3+ 13. Bxf3 Bxc3 14. bxc3 Qxc3
15. Rab1 f6 16. d4 cxd4 17. Bxd4 Qc7 18. Rfd1 e5 19. Bxa7 b5 20. Be3 Rxa2 21.
Rd2 Nc5 22. Bxc5 dxc5 23. Rxb5 exf4 24. Qxc5 Qxc5+ 25. Rxc5 fxg3 26. Kg2 Ra7
27. Kxg3 Re7 28. Rcd5 Be6 29. Rd6 Rc8 30. Rd8+ Rxd8 31. Rxd8+ Kg7 32. Rd6 Bc8
33. h4 Rc7 34. Rd2 Rc3 35. Kf2 Kf7 36. Re2 Ba6 37. Rd2 Ke6 38. h5 Bb7 39. hxg6
hxg6 40. Bg2 Ke5 41. Rd7 Bc6 42. Rf7 Rxc2+ 43. Kg3 Rc3+ 44. Kg4 Ke6 45. Rf8 Ke7
46. Rh8 Kf7 47. Rh7+ Ke6 48. Rh6 g5 49. Rh8 Rc4 50. Kh5 Bxe4 51. Bxe4 Rxe4 52.
Kg6 Rf4 53. Re8+ Kd5 54. Re1 g4 55. Kh5 f5 0-1

[Event "Nezhmetdinov Memorial 36th"]
[Site "Kazan"]
[Date "2014.06.06"]
[Round "7"]
[White "Popov, Ivan1"]
[Black "Kharlov, Andrei"]
[Result "1-0"]
[WhiteElo "2650"]
[BlackElo "2477"]
[PlyCount "69"]
[EventDate "2014.05.31"]
[EventType "swiss"]
[EventRounds "9"]
[EventCountry "RUS"]
[SourceTitle "CBM 160 Extra"]
[Source "ChessBase"]
[SourceDate "2014.07.01"]
[SourceVersion "1"]
[SourceVersionDate "2014.07.01"]
[SourceQuality "1"]

1. e4 c5 2. Nf3 d6 3. d4 Nf6 4. Nc3 cxd4 5. Nxd4 e6 6. Be2 Be7 7. O-O O-O 8. f4
Nc6 9. Kh1 Nxd4 10. Qxd4 b6 11. f5 Bb7 12. fxe6 fxe6 13. Bg5 h6 14. Bh4 Nd7 15.
Rxf8+ Nxf8 16. Bxe7 Qxe7 17. Rd1 Rd8 18. Bc4 Kh8 19. Bb3 Bc6 20. a4 Be8 21. Qc4
Bh5 22. Rf1 Be8 23. Nd5 exd5 24. Qxd5 Bf7 25. Rxf7 Qh4 26. g3 Qh3 27. Kg1 Nh7
28. Qf5 Ng5 29. Qxh3 Nxh3+ 30. Kg2 Ng5 31. Rxa7 Nxe4 32. Bd5 Nf6 33. Ra8 Rxa8
34. Bxa8 Kg8 35. b4 1-0